| 000 | 00900nam a2200217 a 4500 | ||
|---|---|---|---|
| 001 | 000037579 | ||
| 005 | 20200930080442.0 | ||
| 008 | 120501s2004 sp 000 0 spa d | ||
| 020 | _a8400082761 | ||
| 040 |
_aDO-SdBNP _bspa _cBNPHU |
||
| 100 | 1 |
_aCouselo Bouzas, José. _964046 |
|
| 245 | 1 | 0 |
_aGalicia artística en el siglo xviii y primer tercio del xix / _cJosé Couselo Bouzas. |
| 260 |
_aSantiago de Compostela : _bCSIC _bInstituto de Estudios Gallegos, _c2004. |
||
| 300 |
_a652 p. ; _c25 cm. |
||
| 490 | 1 |
_aCuadernos de Estudios Gallegos _aanexos _v34 |
|
| 500 | _aIncluye índice | ||
| 533 |
_aFacsímil: _bCompostela (España) _d1933 _cLibrería y Enc. del Seminarioo |
||
| 504 | _aIncluye referencias bibliográficas y notas al pie de las páginas | ||
| 710 | 2 |
_aConsejo Superior de Investigación Científicas (España) _964047 |
|
| 830 | 0 |
_aCuadernos de Estudios Gallegos _aanexos _v34 _964048 |
|
| 999 |
_c37069 _d37069 |
||